<?xml version="1.0" encoding="UTF-8"?>
<record
    xmlns:xsi="http://www.w3.org/2001/XMLSchema-instance"
    xsi:schemaLocation="http://www.loc.gov/MARC21/slim http://www.loc.gov/standards/marcxml/schema/MARC21slim.xsd"
    xmlns="http://www.loc.gov/MARC21/slim">

  <leader>01410nam a2200229 i 4500</leader>
  <controlfield tag="001">165280</controlfield>
  <controlfield tag="003">ES-MaACL</controlfield>
  <controlfield tag="005">20260509181302.0</controlfield>
  <controlfield tag="008">911217m18421852fr           |||| |afre d</controlfield>
  <datafield tag="040" ind1=" " ind2=" ">
    <subfield code="a">CAT</subfield>
    <subfield code="b">spa</subfield>
    <subfield code="c">CAT</subfield>
    <subfield code="d">CCPB</subfield>
  </datafield>
  <datafield tag="100" ind1="1" ind2=" ">
    <subfield code="a">Walckenaer, Charles Athanase,</subfield>
    <subfield code="d">1771-1852</subfield>
    <subfield code="9">133860</subfield>
  </datafield>
  <datafield tag="245" ind1="1" ind2="0">
    <subfield code="a">M&#xE9;moires touchant la vie et les &#xE9;crits de Marie de Rabutin-Chantal, dame de Bourbilly, marquise de S&#xE9;vign&#xE9;, durant la R&#xE9;gence et la Fronde /</subfield>
    <subfield code="c">par M. le baron Walckenaer.</subfield>
  </datafield>
  <datafield tag="260" ind1=" " ind2=" ">
    <subfield code="a">Paris :</subfield>
    <subfield code="b">Librairie de Firmin Didot fr&#xE8;res,</subfield>
    <subfield code="c">1842-[1852]</subfield>
  </datafield>
  <datafield tag="300" ind1=" " ind2=" ">
    <subfield code="a">[3] v. ;</subfield>
    <subfield code="c">18 cm.</subfield>
  </datafield>
  <datafield tag="594" ind1=" " ind2="1">
    <subfield code="a">T&#xED;tulo variante en el v. 2: M&#xE9;moires touchant la vie et les &#xE9;crits de Marie de Rabutin-Chantal, dame de Bourbilly, marquise de S&#xE9;vign&#xE9;, durant le minist&#xE8;re du cardinal Mazarin et la jeunesse de Louis XIV.</subfield>
  </datafield>
  <datafield tag="596" ind1=" " ind2="1">
    <subfield code="a">N&#xFA;m. de v. y fecha de ed. obtenidos de Lorenz.</subfield>
  </datafield>
  <datafield tag="597" ind1=" " ind2="1">
    <subfield code="a">Pag.: 544 (v. 1); 516 (v. 2) p.</subfield>
  </datafield>
  <datafield tag="600" ind1="1" ind2="7">
    <subfield code="a">Sevign&#xE9;, Marie de Rabutin-Chantal,</subfield>
    <subfield code="c">marquise de,</subfield>
    <subfield code="d">1626-1696</subfield>
    <subfield code="9">132692</subfield>
  </datafield>
  <datafield tag="740" ind1="0" ind2=" ">
    <subfield code="a">M&#xE9;moires touchant la vie et les &#xE9;crits de Marie de Rabutin-Chantal, dame de Bourbilly, marquise de S&#xE9;vign&#xE9;, durant le minist&#xE8;re du cardinal Mazarin et la jeunesse de Louis XIV.</subfield>
  </datafield>
  <datafield tag="852" ind1=" " ind2=" ">
    <subfield code="a">ES-MaACL</subfield>
    <subfield code="j">F-2696-98</subfield>
    <subfield code="z">-- Enc. tela</subfield>
    <subfield code="q">-- Contiene &#xFA;nicamente los T. III-V</subfield>
    <subfield code="x">-- Edic.: T. III. 1845 (475 p.) -- T. IV. 1848 (388 p.) -- T. V. 1852 (467, [1] p.)</subfield>
  </datafield>
  <datafield tag="999" ind1=" " ind2=" ">
    <subfield code="c">165280</subfield>
    <subfield code="d">165280</subfield>
  </datafield>
  <datafield tag="952" ind1=" " ind2=" ">
    <subfield code="0">0</subfield>
    <subfield code="1">0</subfield>
    <subfield code="4">0</subfield>
    <subfield code="7">0</subfield>
    <subfield code="8">LIBXIX</subfield>
    <subfield code="a">ATENEOM</subfield>
    <subfield code="b">ATENEOM</subfield>
    <subfield code="c">DEPO2</subfield>
    <subfield code="d">2008-01-17</subfield>
    <subfield code="l">0</subfield>
    <subfield code="o">F-2696-98</subfield>
    <subfield code="p">1173314</subfield>
    <subfield code="r">2023-02-23 00:00:00</subfield>
    <subfield code="w">2023-02-23</subfield>
    <subfield code="y">MONANT</subfield>
  </datafield>
</record>
